Natureza e seres vivos (Record no. 175384)

MARC details
000 -LÍDER
campo de controle de tamanho fixo 00370 a2200169 4500
001 - NÚMERO DE CONTROLE
campo de controle 175384
020 ## - ISBN - INTERNATIONAL STANDARD BOOK NUMBER
ISBN - International Standard Book Number 85-16-00418-X
040 ## - FONTE DA CATALOGAÇÃO
Instituição que transcreveu o registro Magnum
100 ## - ENTRADA PRINCIPAL--NOME PESSOAL
Nome pessoal Murgel Branco, Samuel
240 10 - TÍTULO UNIFORME
Título uniforme Natureza e seres vivos
Idioma da obra por
245 10 - TÍTULO
Título Natureza e seres vivos
300 ## - DESCRIÇÃO FÍSICA
Extensão 40
362 0# - DATAS DE PUBLICAÇÃO E/OU DESIGNAÇÃO SEQUENCIAL
Datas de publicação e/ou designação sequencial 1991
440 #1 - DECLARAÇÃO DE SÉRIE/ENTRADA ADICIONADA--TÍTULO
Título Moderna
697 ## - ENTRADA DE ASSUNTO LOCAL--ENTIDADE COLETIVA (RLIN)
Nome corporativo ou nome da jurisdição EDUCAÇÃO AMBIENTAL
942 ## - ELEMENTOS DE ENTRADA ADICIONADOS (KOHA)
Tipo de material Koha Livros
Holdings
Situação do descarte Situação das perdas Situação física Não pode ser emprestado Biblioteca de origem Biblioteca atual Data de aquisição Total de empréstimos Número de chamada completo Código de barras Data de último acesso Data do preço efetivo Tipo de material Koha
        Magnum Magnum 08/06/2024   1.2 MAG00023871 08/06/2024 08/06/2024 Livros
        Magnum Magnum 08/06/2024   1.2 MAG00023872 08/06/2024 08/06/2024 Livros
        Magnum Magnum 08/06/2024   1.2 MAG00023873 08/06/2024 08/06/2024 Livros
        Magnum Magnum 08/06/2024   1.2 MAG00023874 08/06/2024 08/06/2024 Livros
        Magnum Magnum 08/06/2024   1.2 MAG00023875 08/06/2024 08/06/2024 Livros
        Magnum Magnum 08/06/2024   1.2 MAG00023876 08/06/2024 08/06/2024 Livros
        Magnum Magnum 08/06/2024   1.2 MAG00023877 08/06/2024 08/06/2024 Livros
        Magnum Magnum 08/06/2024   1.2 MAG00023878 08/06/2024 08/06/2024 Livros
        Magnum Magnum 08/06/2024   1.2 MAG00023879 08/06/2024 08/06/2024 Livros
        Magnum Magnum 08/06/2024   1.2 MAG00023880 08/06/2024 08/06/2024 Livros